Medical-surgical nursing : (Record no. 120208)

MARC details
000 -LEADER
fixed length control field 01148cam a2200361Ii 4500
008 - FIXED-LENGTH DATA ELEMENTS--GENERAL INFORMATION
fixed length control field
020 ## - INTERNATIONAL STANDARD BOOK NUMBER
International Standard Book Number 9781455772551 (Hardback)
040 ## - CATALOGING SOURCE
Original cataloging agency NUST
Transcribing agency NUST
049 ## - LOCAL HOLDINGS (OCLC)
Holding library MAIN
090 #4 - LOCALLY ASSIGNED LC-TYPE CALL NUMBER (OCLC); LOCAL CALL NUMBER (RLIN)
Classification number (OCLC) (R) ; Classification number, CALL (RLIN) (NR) RT41
Local cutter number (OCLC) ; Book number/undivided call number, CALL (RLIN) IGN
003 - CONTROL NUMBER IDENTIFIER
control field
005 - DATE AND TIME OF LATEST TRANSACTION
control field 20230120204254.0
100 ## - MAIN ENTRY--PERSONAL NAME
Personal name Ingnatavicius, Donna D.
245 00 - TITLE STATEMENT
Title Medical-surgical nursing :
Remainder of title patient-centered collaborative care /
Statement of responsibility, etc. Donna D. Ignatavicius and M. Linda Workman
250 ## - EDITION STATEMENT
Edition statement Eighth edition
264 #1 - PRODUCTION, PUBLICATION, DISTRIBUTION, MANUFACTURE, AND COPYRIGHT NOTICE
Place of production, publication, distribution, manufacture St. Louis, Missouri :
Name of producer, publisher, distributor, manufacturer Elsevier,
Date of production, publication, distribution, manufacture, or copyright notice 2015
300 ## - PHYSICAL DESCRIPTION
Extent xxxi,1621 (various pagings) :
Other physical details color illustrations ;
Dimensions 29 cm
336 ## - CONTENT TYPE
Content type term text
Content type code txt
Source rdacontent
337 ## - MEDIA TYPE
Media type term unmediated
Media type code n
Source rdamedia
338 ## - CARRIER TYPE
Carrier type term volume
Carrier type code nc
Source rdacarrier
500 ## - GENERAL NOTE
General note Includes index.
504 ## - BIBLIOGRAPHY, ETC. NOTE
Bibliography, etc. note Includes bibliographical references.
650 #0 - SUBJECT ADDED ENTRY--TOPICAL TERM
Topical term or geographic name entry element Nursing
650 #0 - SUBJECT ADDED ENTRY--TOPICAL TERM
Topical term or geographic name entry element Surgical nursing
650 12 - SUBJECT ADDED ENTRY--TOPICAL TERM
Topical term or geographic name entry element Perioperative Nursing
700 1# - ADDED ENTRY--PERSONAL NAME
Personal name Ignatavicius, Donna D.
700 1# - ADDED ENTRY--PERSONAL NAME
Personal name Workman, M. Linda.
700 1# - ADDED ENTRY--PERSONAL NAME
Personal name Blair, Meg.
700 1# - ADDED ENTRY--PERSONAL NAME
Personal name Rebar, Cherie R.
700 1# - ADDED ENTRY--PERSONAL NAME
Personal name Winkelman, Chris.
907 ## - LOCAL DATA ELEMENT G, LDG (RLIN)
a .b10401052
b 21-04-21
c 21-04-21
942 ## - ADDED ENTRY ELEMENTS (KOHA)
Koha item type Ordinary Loan Books
Call number prefix RT41
Call number suffix IGN
Holdings
Date last seen Total Checkouts Full call number Barcode Cost, replacement price Price effective from Koha item type Lost status Source of classification or shelving scheme Damaged status Not for loan Collection Withdrawn status Home library Current library Shelving location Date acquired Cost, normal purchase price
01/20/2023   RT41 IGN 92004047291 80.00 01/20/2023 BOOKS   LCC     NFIC   Medical Medical GEN 01/20/2023 80.00